000
00307 a2200145 4500
001
156554
040
_c
Escola São Tomás de Aquino
100
_a
JOSÉ, Elias
240
1
0
_a
O jogo da fantasia
_l
por
245
1
0
_a
O jogo da fantasia
300
_a
39
362
0
_a
2011
697
_a
Poesia
942
_c
BK
999
_c
156554
_d
156554